000 00618nam a2200277Ia 4500
005 20260324140854.0
008 008 260324s9999 xx 000 0 eng d
020 _a9781315842257
037 _aEBOOK
040 _aCRL
040 _beng
040 _cCRL
041 _2eng
041 _aeng
084 _qCRL
100 _aKeith Crook
_91206056
245 2 _aA Preface to Swift
260 _bTaylor and Francis
260 _c1998
365 _a
365 _b195
856 _uhttp://www.taylorfrancis.com/books/9781315842257
942 _cEBOOK
999 _c1808566
_d1808566